| 000 | 00790nam a2200241Ia 4500 | ||
|---|---|---|---|
| 003 | OSt | ||
| 005 | 20220926021136.0 | ||
| 006 | a|||||r|||| 00| 0 | ||
| 007 | ta | ||
| 008 | 220923b |||||||| |||| 00| 0 eng d | ||
| 037 | _cGeneral Book | ||
| 040 |
_aRTL _cRTL _beng |
||
| 041 |
_2eng _aeng |
||
| 082 | _aNew York, U.N. | ||
| 110 |
_aUNITED NATIONS, ECONOMIC AND SOCIAL INFORMATION AND POLICY ANALYSIS, (Deptt. for-). _9325870 |
||
| 245 | 0 | _aCommodity trade statistics, 1992. | |
| 260 |
_aNew York _bU.N. _c1993 |
||
| 300 |
_a344p. _ccm. |
||
| 490 | _aStatistical papers series-D | ||
| 700 |
_aUNITED NATIONS, ECONOMIC AND SOCIAL INFORMATION AND POLICY ANALYSIS, (Deptt. for-). _9325871 |
||
| 942 |
_hNew York, U.N. _cGB _2CC |
||
| 999 |
_c635926 _d635926 |
||